| 000 | 01651nam a2200313 a 4500 | ||
|---|---|---|---|
| 001 | 00003848 | ||
| 003 | DO-SdBNP | ||
| 005 | 20180312101303.0 | ||
| 007 | 00003848 | ||
| 008 | 091117s2004 dr ac 000 0 spa d | ||
| 020 | _a9993498254 | ||
| 040 |
_aBNPHU _bspa _cBNPHU |
||
| 092 |
_axxxx _bE77 |
||
| 100 | 1 | _aIncháustegui, María Isabel | |
| 245 | 0 | 0 |
_aEspañol 2 : _beducación básica / _cMaría Isabel Incháustegui ; dirección editorial Obdulia García de Escobar ; ilustraciones Ruddy Núñez. |
| 260 |
_aSanto Domingo : _bSantillana, _c2004. |
||
| 300 |
_a176 p. : _bil., retrs. ; _c28 cm. |
||
| 490 | 1 | _aÁmbar | |
| 500 | _aCada volumen esta compuesto, por una guía didáctica, cuaderno de español y ortografía. | ||
| 500 | _aLa biblioteca solamente posee, las guías de los volumenes 1, 3, 7, y el cuaderno de trabajo del v. 7 | ||
| 505 | 0 |
_gv. 2 : _gunidad 1 -- _tNiñas y niños -- _gunidad 2 -- _tUn día de excursión -- _gunidad 3 -- _tEl sueño de Alfredo -- _gunidad 4 -- _tNos mudamos -- _gunidad 5 -- _tUn lío en la calle -- _gunidad 6 -- _tLlegó la navidad -- _gunidad 7 -- _tEl paletero del barrio -- _gunidad 8 -- _tVamos a Samaná -- _gunidad 9 -- _t¡A divertirse! -- _gunidad 10 -- _tMuchos oficios -- _gunidad 11 -- _t¿Qué vas a comprar? -- _gunidad 12 -- _tLa avenida del Puerto -- _gunidad 13 -- _tEn el fondo del mar -- _gunidad 14 -- _tEl campo y la ciudad -- |
|
| 700 | 1 | _aGarcía Cartagena, Manuel | |
| 700 | 1 |
_aGarcía de Escobar, Obdulia, _eed. |
|
| 700 | 1 |
_aNúñez, Ruddy, _eil. |
|
| 830 | 0 | _aÁmbar | |
| 942 |
_2ddc _cBK |
||
| 945 | _aRemanejado para la BNPHU / 2018 VM | ||
| 956 |
_aLOPEREZ _b10 _c20160412 _lBPMSU _h00151 |
||
| 999 |
_c9715 _d9715 |
||